000 00831aam a2200289 i 4500
999 _c66570
_d66570
001 768714001
003 CO-MdFUSB
005 20200730085840.0
007 ta
008 200730t1967 ck |||| |||| 00| 0 spa d
020 _a8482803999
040 _bspa.
_aCO-MdFUSB
_cCO-MdFUSB
_dCO-MdFUSBC
_erda
041 _aspa
082 0 4 _223
_a863
_bG215
100 1 _aGarcía Márquez, Gabriel (1928-)
_eautor
245 1 0 _aCien años de soledad
_c/ Gabriel García Márquez
264 1 _aBogota, Colombia :
_bOveja Negra,
_c[1967]
264 4 _c© 1967
300 _a403 Páginas
_c; 23 cm
336 _2rdacontent
_asonidos
_btdi
337 _2rdamedia
_asin mediación
_bn
338 _2rdacarrier
_avolumen
_bnc
563 _aPasta dura
650 7 _2embne
_92265
_aLiteratura hispanoamericana
942 _cBK
945 _aJTF-925